书目信息 |
| 题名: |
曹操集
|
|
| 作者: | ;中华书局 编辑 | |
| 分册: | 上册 | |
| 出版信息: | 北京 中华书局出版 1974 |
|
| 页数: | 231页 | |
| 开本: | 26cm | |
| 丛书名: | ||
| 单 册: | ||
| 中图分类: | I213.62 | |
| 科图分类: | ||
| 主题词: | ||
| 电子资源: | ||
| ISBN: | ||
| 000 | 00429nam0 2200169 45 | |
| 001 | 0181014337 | |
| 005 | 20060803145226.90 | |
| 010 | @dCNY4.00(上下册) | |
| 100 | @a20810111d1974 km y0chiy0120 ea | |
| 101 | 0 | @achi |
| 200 | 1 | @Acao cao ji@a曹操集@h上册@f中华书局编辑 |
| 210 | @a北京@c中华书局出版@d1974 | |
| 215 | @a231页@d26cm | |
| 690 | @aI213.62 | |
| 711 | 0 | @a中华书局@4编辑 |
| 801 | @aCN@bTSTC@c20060803 | |
| 905 | @dI213.62@e468:1 | |
| 曹操集.上册/中华书局编辑.-北京:中华书局出版,1974 |
| 231页;26cm |
| ISBN :CNY4.00(上下册) |
| ● |
| 相关链接 |
|
|
|
|
正题名:曹操集
索取号:I213.62/468:1
 
预约/预借
| 序号 | 登录号 | 条形码 | 馆藏地/架位号 | 状态 | 备注 |
| 1 | 0449213 | 204492138 | 密集书库/ [索取号:I213.62/468:1] | 在馆 | |
| 2 | 0449214 | 204492147 | 密集书库/ [索取号:I213.62/468:1] |
已借出,限还日期为2026.03.16 借出人:张浩珍 |